| 000 | 00944nam a2200277 a 4500 | ||
|---|---|---|---|
| 001 | C01488971c-7 | ||
| 003 | CO-ViMGA | ||
| 005 | 20230915234238.0 | ||
| 008 | 150810s2013 sp gr 00010 spa d | ||
| 020 | _a9788499920429 | ||
| 040 |
_aCO-ViMGA _bspa _cCO-ViMGA |
||
| 041 | 1 | _heng | |
| 043 | _ae-uk-en | ||
| 082 | 0 | 4 |
_a824.91 _bO79e3 _219 |
| 100 | 1 |
_aOrwell, George, _d1903-1950. _96475 |
|
| 245 | 1 | 0 |
_aEnsayos / _cGeorge Orwell ; prólogo de Irene Lozano ; traducción Manuel Cuesta, Osmodiar Lampio. |
| 260 |
_aBarcelona : _bDebate, _c2013. |
||
| 300 |
_a975 páginas ; _c24 cm. |
||
| 534 |
_pTítulo original : _tEssays. |
||
| 600 | 1 | 4 |
_aOrwell, George, _d1903-1950 _v Colecciones de escritos. _96476 |
| 650 | 1 | 4 |
_aEnsayos ingleses. _96477 |
| 700 | 1 |
_aCuesta, Manuel, _etraductor. _96479 |
|
| 700 | 1 |
_aLampio, Osmodiar, _etraductor. _96480 |
|
| 700 | 1 |
_aLozano Domingo, Irene, _d1971-, _eprologuista. _96478 |
|
| 942 |
_2ddc _cBK |
||
| 999 |
_c37533 _d37533 |
||